| 000 | 01225cam a22003137a 4500 | ||
|---|---|---|---|
| 999 |
_c4504 _d4504 |
||
| 005 | 20200309133021.0 | ||
| 008 | 051229s2005 at a b 001 0 eng d | ||
| 010 | _a 2005284598 | ||
| 020 | _a1844071472 (Earthscan) | ||
| 020 | _a1876907177 (Images) | ||
| 035 | _a(OCoLC)ocm53821756 | ||
| 040 |
_aUKM _cUKM _dOCLCQ _dC#P _dOCL _dBAKER _dMUQ _dDLC |
||
| 042 | _alccopycat | ||
| 050 | 0 | 0 |
_aTK1087 _b.D475 2005 |
| 082 | 0 | 4 |
_a621.31244 _221 _bPRA |
| 245 | 0 | 0 |
_aDesigning with solar power : _ba source book for building integrated photovoltaics (BiPV) / _ceditors, Deo Prasad & Mark Snow. |
| 260 |
_aMulgrave, Vic. : _bImages ; _aLondon ; _aSterling, VA : _bEarthscan, _c2005. |
||
| 300 |
_a252 p. : _bcol. ill. ; _c31 cm. |
||
| 504 | _aIncludes bibliographical references (p. 239-249) and index. | ||
| 650 | 0 | _aBuilding-integrated photovoltaic systems. | |
| 650 | 0 |
_aArchitecture _xEnvironmental aspects. |
|
| 650 | 6 | _aÉlectrification photovoltaïque. | |
| 650 | 6 |
_aArchitecture _xAspect de l'environnement. |
|
| 700 | 1 | _aPrasad, Deo K. | |
| 700 | 1 |
_aSnow, Mark, _cDr. |
|
| 906 |
_a7 _bcbc _ccopycat _d2 _encip _f20 _gy-gencatlg |
||
| 942 | _2ddc | ||